Cultural subjects : (Record no. 9807)
[ view plain ]
| 000 -LEADER | |
|---|---|
| fixed length control field | 00474nam a22001817a 4500 |
| 003 - CONTROL NUMBER IDENTIFIER | |
| control field | OSt |
| 005 - DATE AND TIME OF LATEST TRANSACTION | |
| control field | 20151210103923.0 |
| 008 - FIXED-LENGTH DATA ELEMENTS--GENERAL INFORMATION | |
| fixed length control field | 151210b xxu||||| |||| 00| 0 eng d |
| 020 ## - INTERNATIONAL STANDARD BOOK NUMBER | |
| International Standard Book Number | 017641584X |
| 040 ## - CATALOGING SOURCE | |
| Original cataloging agency | SEKU |
| 050 ## - LIBRARY OF CONGRESS CALL NUMBER | |
| Classification number | HM 621 |
| Item number | .C8 |
| 245 ## - TITLE STATEMENT | |
| Title | Cultural subjects : |
| Remainder of title | a popular culture reader. |
| 260 ## - PUBLICATION, DISTRIBUTION, ETC. (IMPRINT) | |
| Place of publication, distribution, etc. | Australia : |
| Name of publisher, distributor, etc. | Thomson, |
| Date of publication, distribution, etc. | c2005. |
| 300 ## - PHYSICAL DESCRIPTION | |
| Extent | 372 p. : |
| Other physical details | ill. |
| 650 ## - SUBJECT ADDED ENTRY--TOPICAL TERM | |
| Topical term or geographic name as entry element | Popular culture |
| Form subdivision | Textbooks |
| 700 ## - ADDED ENTRY--PERSONAL NAME | |
| Personal name | Gedalof, Allan J. |
| 942 ## - ADDED ENTRY ELEMENTS (KOHA) | |
| Source of classification or shelving scheme | Library of Congress Classification |
| Koha item type | General circulation |
| Withdrawn status | Lost status | Source of classification or shelving scheme | Damaged status | Not for loan | Home library | Current library | Shelving location | Date acquired | Source of acquisition | Total Checkouts | Full call number | Barcode | Date last seen | Price effective from | Koha item type | Public note |
|---|---|---|---|---|---|---|---|---|---|---|---|---|---|---|---|---|
| Library of Congress Classification | Main Campus Library | Main Campus Library | General Stacks | 10/12/2015 | Donation - Books for Africa | HM 621 .C8 | 2015/008014 | 10/12/2015 | 10/12/2015 | General circulation | JCL |